000 00367nam a2200145Ia 4500
005 20251222144707.0
008 251222s9999||||xx |||||||||||||| ||spa||
020 _a9789972339745
082 _a351.85/A59
100 _aAndía Valencia, Walter
245 0 _aManual de Gestión Pública:
250 _a1ra. ed.
264 _bImprenta Valencia Graphic
942 _cLIB
999 _c17685
_d17685